Einführung in die Sprachwissenschaft /

Main Author: Dubová, Jarmila, 1960-
Corporate Author: Univerzita Palackého. Pedagogická fakulta
Language: German
Published: Olomouc : Univerzita Palackého v Olomouci, 2007
Edition: 2. vyd., (nezměn.)
Series: Skripta
Subjects:
Physical Description: 46 s. : il. ; 21 cm
Book
Saved in:
LEADER 01781nam a2200493 a 4500
001 nkc20071721998
003 CZ PrNK
005 20070820151009.0
007 ta
008 070530s2007 xr a e p 001 0 ger
015 |a cnb001721998 
020 |a 978-80-244-1676-2  |q (brož.) 
035 |a (OCoLC)187296675 
040 |a OLA001  |b cze  |d ABA001 
072 7 |a 811.112.2  |x Němčina  |2 Konspekt  |9 11 
072 7 |a 37.016  |x Učební osnovy. Vyučovací předměty. Učebnice  |2 Konspekt  |9 22 
080 |a 811.112.2  |2 MRF 
080 |a 81'1  |2 MRF 
080 |a 81'373.46  |2 MRF 
080 |a (075.8)  |2 MRF 
100 1 |a Dubová, Jarmila,  |d 1960-  |7 xx0018945  |4 aut 
245 1 0 |a Einführung in die Sprachwissenschaft /  |c Jarmila Dubová 
250 |a 2. vyd., (nezměn.) 
260 |a Olomouc :  |b Univerzita Palackého v Olomouci,  |c 2007 
300 |a 46 s. :  |b il. ;  |c 21 cm 
490 1 |a Skripta 
500 |a Nad názvem: Univerzita Palackého v Olomouci, Pedagogická fakulta 
504 |a Obsahuje bibliografii 
521 8 |a Určeno pro 1. ročník studia oborové němčiny PdF UP 
650 0 7 |a němčina  |7 ph115512  |2 czenas 
650 0 7 |a lingvistika  |7 ph115153  |2 czenas 
650 0 7 |a oborová terminologie  |7 ph138998  |2 czenas 
650 0 9 |a German language  |2 eczenas 
650 0 9 |a linguistics  |2 eczenas 
650 0 9 |a terminology (professional)  |2 eczenas 
655 7 |a učebnice vysokých škol  |7 fd133772  |2 czenas 
655 9 |a textbooks (higher)  |2 eczenas 
710 2 |a Univerzita Palackého.  |b Pedagogická fakulta  |7 kn20010709375 
810 2 |a Univerzita Palackého.  |t Skripta  |0 s 
910 2 |a BOA001  |b 2-1187.639 
990 |a BK 
995 |a 01 
991 |b 200706  |c NOV 
996 6 |b 2610312875  |c 2-1187.639  |l MZK  |r Sklad / do 1 hodiny  |n 1  |p p.v.  |w 000852949  |u 000010  |a 1  |e BOA001  |j MZK50  |s P